LEADER 01240nam a2200313 u 4500 001 000000043252 003 CaOOAMICUS 005 20070226114421.0 008 990323s1955 it u000 u ita u 035 $a10817881 040 $aPUL(R)$bita 041 1 $aita$heng 100 1 $aSchumpeter, Joseph A.,$d1883-1950.$0(OLS)http://pul/name/31660 240 10$aCapitalism, socialism and democracy.$lItaliano.$0(OLS)http://pul/title/58317 245 10$aCapitalismo, socialismo e democrazia /$cJoseph A. Schumpeter. 250 $a2. ed. 260 $aMilano :$bEd. di comunità,$c1955. 300 $axii, 390 p. ;$c24 cm 500 $aContiene indici. 504 $aBibliografia in nota. 650 4$aCapitalismo.$0(OLS)http://pul/subject/7257 650 4$aSocialismo.$0(OLS)http://pul/subject/3492 650 4$aDemocrazia.$0(OLS)http://pul/subject/11947 850 $aPUL 852 $aPUL$W1$xDP1 Cons. Gen., Altre Classi 1$y22$m44 F 14$j58310$nBK-PRI$b $qStampati$B58310$CPULBib$Z2$F58310 $H $81 941 1 $a8 961 $aINV: 18938 996 $6245$aCapitalismo, socialismo e democrazia$9(OLS)http://pul/title/58318 996 $6260$aMilano :$bEd. di comunità$9(OLS)http://pul/publisher/54818 LEADER 01167nam a2200265 a 4500 001 000000165819 003 CaOOAMICUS 005 20180208125443.0 008 180208s2017 it frm z000 0 ita r 032 $aLibriCat 040 $aPUL$bita 100 1 $aMalandrino, Mariapaola.$0(OLS)http://pul/name/106877 245 13$aLe confraternite netine:$banalisi storico giuridica /$cMariapaola Malandrino. 260 $aRoma :$b[s.n.],$c2017. 300 $a268 p.;$c24 cm 502 $aEstratto da Tesi di Dottorato-- Pontificia Università Lateranense--Facoltà di Diritto Canonico--Roma, 2017. 504 $aBibliografia: p. [243]-266. 650 4$aConfraternite$zItalia$xStoria.$0(OLS)http://pul/subject/24863 710 2 $aPontificia Università Lateranense.$bFacoltà di diritto canonico.$kTesi.$0(OLS)http://pul/name/81682 850 $aPUL 852 $aPUL$W1$xDP1 Tesi Pon Univ. Lateranense$y41$m2017 C 54$j190212$qTesi$B193185$CPULBib$Z2$F193185 $81 941 1 $a16 996 $6245$aLe confraternite netine:$banalisi storico giuridica$9(OLS)http://pul/title/205512 996 $6260$aRoma :$b[s.n.]$9(OLS)http://pul/publisher/47958